Stalingrad /

Hlavní autor: Beevor, Antony, 1946-
Jazyk: Angličtina
Vydáno: London : Penguin Books, 1999
Témata:
Fyzický popis: xvii, 493 stran, 16 nečíslovaných stran obrazových příloh : ilustrace ; 24 cm
Knihy
Uloženo v:
LEADER 01617nam a2200433 i 4500
001 001925055
003 CZ BrMZK
005 20250610130604.0
007 ta
008 250210s1999 xxkaf e 001 0 eng
020 |a 0-14-024985-0  |q (brožováno) 
040 |a BOA001  |b cze  |e rda 
043 |a e-ur--- 
045 |a x3x4 
072 7 |a 355/359  |x Vojenství. Obrana země. Ozbrojené síly  |2 Konspekt  |9 15 
080 |a 355.483(470.45)"1942/1943"  |2 MRF 
080 |a 355.48(100)"1939/1945"  |2 MRF 
080 |a (47+57)  |2 MRF 
080 |a (048.8)  |2 MRF 
100 1 |a Beevor, Antony,  |d 1946-  |7 jn20020716713  |4 aut 
245 1 0 |a Stalingrad /  |c Antony Beevor 
264 1 |a London :  |b Penguin Books,  |c 1999 
300 |a xvii, 493 stran, 16 nečíslovaných stran obrazových příloh :  |b ilustrace ;  |c 24 cm 
336 |a text  |b txt  |2 rdacontent 
337 |a bez média  |b n  |2 rdamedia 
338 |a svazek  |b nc  |2 rdacarrier 
504 |a Obsahuje bibliografii, bibliografické odkazy a rejstřík 
648 7 |a 1939-1945  |7 ch460653  |2 czenas 
648 4 |a 1942-1943 
650 0 7 |a bitva u Stalingradu (1942-1943 : Volgograd, Rusko)  |7 ph118102  |2 czenas 
650 0 7 |a druhá světová válka (1939-1945)  |7 ph117270  |z Sovětský svaz  |2 czenas 
650 0 9 |a battle of Stalingrad (1942-1943 : Volgograd, Russia)  |2 eczenas 
650 0 9 |a World War (1939-1945)  |z Soviet Union  |2 eczenas 
655 7 |a monografie  |7 fd132842  |2 czenas 
655 9 |a monographs  |2 eczenas 
910 |a BOA001  |b 2-1538.965 
990 |a BK 
991 |b 202506 
996 7 |b 2610994980  |c 2-1538.965  |l MZK  |r Sklad / do 1 hodiny  |n 0  |p dar  |w 001995201  |u 000010  |a 1  |e BOA001  |j MZK50  |s A